00251nam a2200109Ia 4500008004100000020001500041100001300056245003900069250000700108260001700115300000900132211105s9999 xx 000 0 und d aVYASA00566 aN Jog B. 0aAdhunik Bharatantil Yaksha Prashna a\N bN.B. Jogc\N a12p.